Southville International School and Colleges
Your cart is empty.
  • Cart
  • Lists
    Public lists Eva Luna New books Lux_list list_1
    Your lists Log in to create your own lists
  • Log in to your account
  • Your cookies
  • Search history
Southville International School and Colleges
  • Advanced search
  • Recent comments
  • Most popular
  • Libraries

Log in to your account

Log in with GOOGLE


If you do not have an external account, but do have a local account, you can still log in:

  1. Home
  2. MARC view: The egg of Christopher Columbus /
Normal view MARC view ISBD view

The egg of Christopher Columbus / (Record no. 306603)

[ view plain ]
MARC details
000 -LEADER
fixed length control field 00872nam a2200277Ia 4500
008 - FIXED-LENGTH DATA ELEMENTS--GENERAL INFORMATION
fixed length control field 170203s9999 xx 000 0 und d
020 ## - INTERNATIONAL STANDARD BOOK NUMBER
International Standard Book Number 0-550319018
050 ## - LIBRARY OF CONGRESS CALL NUMBER
Classification number Fic
050 ## - LIBRARY OF CONGRESS CALL NUMBER
Item number V521t
100 ## - MAIN ENTRY--PERSONAL NAME
Personal name Verleyen, Cyriel.
245 #4 - TITLE STATEMENT
Title The egg of Christopher Columbus /
245 ## - TITLE STATEMENT
Statement of responsibility, etc by Cyriel Verleyen ; illustrated by Henry Branton.
260 ## - PUBLICATION, DISTRIBUTION, ETC. (IMPRINT)
Place of publication, distribution, etc Edinburgh :
260 ## - PUBLICATION, DISTRIBUTION, ETC. (IMPRINT)
Name of publisher, distributor, etc W.and R. Chambers,
260 ## - PUBLICATION, DISTRIBUTION, ETC. (IMPRINT)
Date of publication, distribution, etc 1975
300 ## - PHYSICAL DESCRIPTION
Extent [25] pages :
300 ## - PHYSICAL DESCRIPTION
Other physical details illustrations (chiefly color) ;
300 ## - PHYSICAL DESCRIPTION
Dimensions 19 x 20 cm.
440 ## - SERIES STATEMENT/ADDED ENTRY--TITLE
Title Tales from history.
650 ## - SUBJECT ADDED ENTRY--TOPICAL TERM
Topical term or geographic name as entry element Colón, Cristóbal, -- 1451-1506 --
650 ## - SUBJECT ADDED ENTRY--TOPICAL TERM
Topical term or geographic name as entry element Explorers -- Spain -- Biography --
650 ## - SUBJECT ADDED ENTRY--TOPICAL TERM
Topical term or geographic name as entry element North America -- Exploration -- Colón, Cristóbal - Biographies - For children
650 ## - SUBJECT ADDED ENTRY--TOPICAL TERM
General subdivision Juvenile literature.
650 ## - SUBJECT ADDED ENTRY--TOPICAL TERM
General subdivision Juvenile literature.
700 ## - ADDED ENTRY--PERSONAL NAME
Personal name Branton, Henry, ill.
Holdings
Withdrawn status Lost status Damaged status Home library Current library Shelving location Date acquired Total Checkouts Full call number Barcode Date last seen Price effective from Koha item type
      Stonyhurst Southville International School (Batangas) Stonyhurst Southville International School (Batangas)   02/03/2017   Fic .V521t 1974 LS-0901 02/03/2017 02/03/2017 Books

The egg of Christopher Columbus /

APA

Verleyen C., Branton H. i., .The egg of Christopher Columbus. Edinburgh: .

Chicago

Verleyen Cyriel, Branton Henry ill, .The egg of Christopher Columbus. Edinburgh: .

Harvard

Verleyen C., Branton H. i., .The egg of Christopher Columbus. Edinburgh: .

MLA

Verleyen Cyriel, Branton Henry ill, .Edinburgh: . .

  • Place hold
  • Print
  • Cite
  • Add to your cart (remove)
  • Save record
    BIBTEX Dublin Core MARCXML MARC (non-Unicode/MARC-8) MARC (Unicode/UTF-8) MARC (Unicode/UTF-8, Standard) MODS (XML) RIS
  • More searches
    Search for this title in:
    Other Libraries (WorldCat) Other Databases (Google Scholar) Online Stores (Bookfinder.com) Open Library (openlibrary.org)

Exporting to Dublin Core...

SOUTHVILLE LIBRARY

Southville International School and Colleges Library

1281 Tropical Ave. Cor. Luxembourg St., BF Homes International, Las Pinas City

Tel. No. 8256374 / 252358 Loc. 117/146

Powered by Koha